| 000 | 00400nam a2200157Ia 4500 | ||
|---|---|---|---|
| 008 | 210716s2017 xx 000 0 und d | ||
| 020 | _a9788131532171 | ||
| 041 | _aeng | ||
| 082 | _a658.87 NAYJ | ||
| 100 | _aNayak, J K;Dash, Prakash C. | ||
| 245 | _aRetail management. | ||
| 250 | _a1 | ||
| 260 |
_aNew Delhi _bCengage Learning India Pvt Ltd _c2017 |
||
| 300 | _axvii,517 | ||
| 650 | _aRetailing | ||
| 999 |
_c210055 _d210055 |
||